000 01689cam a2200397Mi 4500
001 on1283852714
003 OCoLC
005 20241021132914.0
006 m d
007 cr cnu---unuuu
008 211106s2021 onc o ||| 0 eng d
040 _aEBLCP
_beng
_cEBLCP
_dN
_T
_erda
020 _a9780367823917
_q(electronic bk.)
020 _a1000508145
020 _a9781000508147
_q(electronic bk.)
035 _a2957989
_b(N
_T)
035 _a(OCoLC)1283852714
_z(OCoLC)1281967052
082 0 4 _a372.1192
_223
049 _aMAIN
100 1 _aGarvis, Susanne,
_eauthor.
245 1 0 _aParental engagement and early childhood education around the world /
_cSusanne Garvis, Sivanes Phillipson, Heidi Harju-Luukkainen, Alicja Renata Sadownik.
264 1 _aMilton :
_bTaylor & Francis Group,
_c2021.
300 _a1 online resource
336 _atext
_2rdacontent
337 _acomputer
_2rdamedia
338 _aonline resource
_2rdacarrier
500 _aDescription based upon print version of record.
500 _aIndex.
650 0 _aEarly childhood education
_xParent participation.
655 4 _aElectronic books.
700 1 _aPhillipson, Sivanes,
_eauthor.
700 1 _aHarju-Luukkainen, Heidi,
_eauthor.
700 1 _aSadownik, Alicja Renata,
_eauthor.
_9265502
776 0 8 _iPrint version:
_aGarvis, Susanne
_tParental engagement and early childhood education around the world
_dMilton : Taylor & Francis Group,c2021
_z9780367423896
856 4 0 _uhttps://ezproxy.taylors.edu.my/login?url=https://search.ebscohost.com/login.aspx?direct=true&scope=site&db=nlebk&db=nlabk&AN=2957989
_zAn electronic book accessible through the World Wide Web; click to view
999 _c191727